Metoda, která vyhmátne rozdíly v motivech lidí
Psychosociálny model špirálovej integrálnej dynamiky, ktorého základy položil americký profesor psychológie Clare Graves. Podstata špirálovej dynamiky. Farby pomáhajúce popísať hnacie sily a motiváciu správania. Vedenie a riadenie ľudí pomocou špirálovej dynamiky. Cielené a motivačné vzdelávanie a i...
Enregistré dans:
| Auteur principal: | |
|---|---|
| Format: | Chapitre de livre |
| Langue: | tchèque |
| Sujets: | |
| Tags: |
Pas de tags, Soyez le premier à ajouter un tag!
|
MARC
| LEADER | 00000naa a2200000 4500 | ||
|---|---|---|---|
| 001 | 0200217 | ||
| 005 | 20231211122235.5 | ||
| 041 | 0 | |a cze | |
| 044 | |a CZ | ||
| 245 | 1 | 0 | |a Metoda, která vyhmátne rozdíly v motivech lidí |c Alena Kazdová |
| 520 | |a Psychosociálny model špirálovej integrálnej dynamiky, ktorého základy položil americký profesor psychológie Clare Graves. Podstata špirálovej dynamiky. Farby pomáhajúce popísať hnacie sily a motiváciu správania. Vedenie a riadenie ľudí pomocou špirálovej dynamiky. Cielené a motivačné vzdelávanie a integrálny leadership. | ||
| 610 | 2 | 0 | |a vedenie ľudí |
| 610 | 2 | 0 | |a motivácia |
| 610 | 2 | 0 | |a správanie |
| 610 | 2 | 0 | |a psychológia |
| 610 | 2 | 0 | |a farby |
| 610 | 2 | 0 | |a manažéri |
| 610 | 2 | 0 | |a zamestnanci |
| 100 | 1 | |a Kazdová, Alena | |